000
00265nam a22001217a 4500
082
_a
510 MAR'C
100
_a
MARSH, L.G
_9
75910
245
_a
CHILDERN EXPLORE MATHEMATICS
250
_a
3RD
260
_a
LONDON
_b
A & C BLACK
_c
1969
300
_a
157P
942
_c
BK
999
_c
581321
_d
581321